[Event "Golden Cleopatra op"]
[Site "Cairo"]
[Date "2016.12.16"]
[Round "4"]
[White "Khalil, Badr"]
[Black "Ahmed, Ali Layth Ahmed"]
[Result "0-1"]
[WhiteElo "2022"]
[BlackElo "2263"]
[PlyCount "104"]
[EventDate "2016.12.13"]
[EventType "swiss"]
[EventRounds "10"]
[EventCountry "EGY"]
[SourceTitle "CBM 176 Extra"]
[Source "ChessBase"]
[SourceDate "2017.03.02"]
[SourceVersion "1"]
[SourceVersionDate "2017.03.02"]
[SourceQuality "1"]

1. e4 c6 2. d4 d5 3. Nc3 dxe4 4. Nxe4 Bf5 5. Ng3 Bg6 6. Bc4 e6 7. h4 h6 8. N1e2 Nf6 9. c3 Bd6 10. Nf4 Bxf4 11. Bxf4 Nbd7 12. h5 Bh7 13. 0-0 0-0 14. Re1 Re8 15. Qf3 Nd5 16. Bd2 Qf6 17. Qg4 N5b6 18. Bb3 Kh8 19. Re3 c5 20. Ne4 Qe7 21. Nxc5 Nxc5 22. dxc5 Qxc5 23. Rg3 Qf8 24. Re1 Rad8 25. Be3 f5 26. Qb4 Qxb4 27. cxb4 e5 28. Bxb6 axb6 29. Rc3 Re7 30. Rec1 Bg8 31. Rc8 Ree8 32. Rxd8 Rxd8 33. Bxg8 Kxg8 34. Re1 Rd5 35. g4 fxg4 36. Re4 Rd4 37. Rxe5 Rxb4 38. Re7 Rxb2 39. Rxb7 Rb5 40. Kg2 Rxh5 41. Kg3 Rf5 42. Rxb6 Rf3+ 43. Kxg4 Rxf2 44. a4 Ra2 45. Ra6 Kf7 46. Ra7+ Kf6 47. Ra6+ Ke5 48. Ra7 g6 49. Ra6 h5+ 50. Kg3 Ra1 51. Ra8 Ke4 52. Rf8 g5 0-1

[Event "Mahalla op 15th"]
[Site "Mahalla"]
[Date "2014.04.22"]
[Round "1"]
[White "Sameeh, Hany"]
[Black "Khalil, Badr"]
[Result "1/2-1/2"]
[WhiteElo "2232"]
[BlackElo "2050"]
[PlyCount "118"]
[EventDate "2014.04.22"]
[EventType "swiss"]
[EventRounds "9"]
[EventCountry "EGY"]
[SourceTitle "EXT 2015"]
[Source "ChessBase"]
[SourceDate "2014.11.20"]
[SourceVersion "1"]
[SourceVersionDate "2014.11.20"]
[SourceQuality "1"]

1. e4 Nf6 2. e5 Nd5 3. d4 d6 4. Nf3 Bg4 5. c4 Nb6 6. exd6 exd6 7. Nc3 Nc6 8. Be3 Be7 9. b3 Bf6 10. Be2 d5 11. c5 Nc8 12. a3 Qd7 13. h3 Bf5 14. b4 0-0 15. 0-0 Nd8 16. Nh2 Ne6 17. Qd2 c6 18. Ng4 Bxg4 19. Bxg4 a5 20. b5 cxb5 21. Rab1 Na7 22. Qd3 b4 23. axb4 axb4 24. Rxb4 Nc6 25. Rb3 Na5 26. Rbb1 Nc6 27. Rfd1 Ra3 28. Qd2 Na5 29. Nb5 Nc4 30. Qe1 Ra5 31. Be2 Rb8 32. Nc3 Ra3 33. Bxc4 dxc4 34. Nb5 Rb3 35. Rxb3 cxb3 36. Qb4 b6 37. c6 Qxc6 38. d5 Qd7 39. Qxb3 Nc5 40. Qc4 h6 41. Bd4 Bxd4 42. Nxd4 Rc8 43. Ra1 Ne4 44. Nc6 Nd6 45. Qf4 b5 46. Ra7 Rc7 47. Ra8+ Rc8 48. Rxc8+ Nxc8 49. Qb8 Kh7 50. Qxb5 g6 51. Qb8 Qxd5 52. Qxc8 Qd1+ 53. Kh2 Qd6+ 54. g3 Qd2 55. Kg2 Qd5+ 56. Kg1 Qd1+ 57. Kg2 Qd5+ 58. Kf1 Qd1+ 59. Kg2 Qd5+ 1/2-1/2

[Event "Zgazig Sharkia op 3rd"]
[Site "Zgazig"]
[Date "2013.03.12"]
[Round "3"]
[White "Gabr, Mohsen"]
[Black "Khalil, Badr"]
[Result "1-0"]
[WhiteElo "2231"]
[BlackElo "2055"]
[PlyCount "59"]
[EventDate "2013.03.10"]
[EventType "swiss"]
[EventRounds "9"]
[EventCountry "EGY"]
[SourceTitle "CBM 153 Extra"]
[Source "ChessBase"]
[SourceDate "2013.04.22"]
[SourceVersion "1"]
[SourceVersionDate "2013.04.22"]
[SourceQuality "1"]

1. d4 d5 2. c4 Nc6 3. cxd5 Qxd5 4. e3 e5 5. Nc3 Bb4 6. Bd2 Bxc3 7. bxc3 Qd6 8. Bd3 Nf6 9. Ne2 0-0 10. h3 Re8 11. 0-0 e4 12. Bc2 Na5 13. Nf4 b6 14. Qe2 Be6 15. Nxe6 Qxe6 16. Rfc1 c6 17. Bd1 Qc4 18. Qe1 Qd5 19. Qe2 b5 20. c4 Nxc4 21. Bb3 Re6 22. Bxc4 bxc4 23. Qxc4 h6 24. Rab1 Qf5 25. Qa6 Nd5 26. Rxc6 Rae8 27. Rxe6 Rxe6 28. Qxa7 Kh7 29. Qd7 Nb6 30. Rxb6 1-0

[Event "EGY-ch Masters"]
[Site "Cairo"]
[Date "2009.11.15"]
[Round "1.1"]
[White "Abo Nar, Mohamed"]
[Black "Khalil, Badr"]
[Result "1-0"]
[WhiteElo "2176"]
[BlackElo "2020"]
[PlyCount "97"]
[EventDate "2009.11.15"]
[EventType "swiss"]
[EventRounds "8"]
[EventCountry "EGY"]
[SourceTitle "EXT 2024"]
[Source "ChessBase"]
[SourceDate "2023.10.10"]
[SourceVersion "1"]
[SourceVersionDate "2023.10.10"]
[SourceQuality "1"]

1. e4 e5 2. Nf3 Nc6 3. Bb5 a6 4. Bxc6 dxc6 5. 0-0 Bg4 6. h3 Bxf3 7. Qxf3 Qf6 8. Qb3 0-0-0 9. d3 g5 10. Be3 Ne7 11. Nd2 Ng6 12. Nc4 c5 13. Qc3 Rd4 14. Qd2 Rg8 15. Bxg5 Qe6 16. Qe2 f6 17. f4 exf4 18. Bxf4 Nxf4 19. Rxf4 Qxh3 20. Rxf6 Bh6 21. Raf1 Rdd8 22. Qf3 Qh4 23. Qf2 Qh5 24. Qf5+ Qxf5 25. R1xf5 Bg7 26. Rf7 Bd4+ 27. Kf1 b5 28. Na5 Rg6 29. Rf8 Bxb2 30. Rxd8+ Kxd8 31. Rxc5 Rf6+ 32. Ke2 Ba3 33. Rc6 Rxc6 34. Nxc6+ Ke8 35. d4 Kf7 36. c4 Ke6 37. Kd3 Kd6 38. cxb5 axb5 39. Na7 c6 40. d5 Bb2 41. Nxc6 Kc5 42. Ne7 Bf6 43. Nf5 Be5 44. g4 Bf4 45. Nd4 Be5 46. Nf3 Bf4 47. Ne1 Bc1 48. Kc3 Kd6 49. Nd3 1-0